New forestry schemes (Record no. 71040)
[ view plain ]
| 000 -LEADER | |
|---|---|
| fixed length control field | 00966cam a2200217 4500 |
| 001 - CONTROL NUMBER | |
| control field | WB3831-40 |
| 008 - FIXED-LENGTH DATA ELEMENTS--GENERAL INFORMATION | |
| fixed length control field | 020829n2002 000 0 eng u |
| 035 ## - SYSTEM CONTROL NUMBER | |
| System control number | (Sirsi) u119482 |
| 245 ## - TITLE STATEMENT | |
| Title | New forestry schemes |
| 260 ## - PUBLICATION, DISTRIBUTION, ETC. | |
| Date of publication, distribution, etc. | 2002 |
| 490 ## - SERIES STATEMENT | |
| Series statement | Scottish Executive Press Release |
| Volume/sequential designation | 27 August 2002, (2) |
| 520 ## - SUMMARY, ETC. | |
| Summary, etc. | The Forestry Commission has produced guidance explaining how prospective applicants can ensure that planting proposals for Spring 2003 will be acceptable for conversion to the new Scottish Forestry Grants Scheme. Leaflet available from local Forestry Commission Conservancy offices, SEERAD local offices and via the Forestry Commissoin website at www.forestry.gov.uk/scotland www.scotland.gov.uk/pages/news/2002/08/SEEN132.aspx |
| 590 ## - LOCAL NOTE (RLIN) | |
| Local note | WB |
| 650 ## - SUBJECT ADDED ENTRY--TOPICAL TERM | |
| Topical term or geographic name entry element | SCOTLAND |
| 650 ## - SUBJECT ADDED ENTRY--TOPICAL TERM | |
| Topical term or geographic name entry element | FORESTRY GRANTS |
| 650 ## - SUBJECT ADDED ENTRY--TOPICAL TERM | |
| Topical term or geographic name entry element | PLANTING |
| 650 ## - SUBJECT ADDED ENTRY--TOPICAL TERM | |
| Topical term or geographic name entry element | FORESTRY COMMISSION |
| 650 ## - SUBJECT ADDED ENTRY--TOPICAL TERM | |
| Topical term or geographic name entry element | GUIDANCE |
| 690 ## - LOCAL SUBJECT ADDED ENTRY--TOPICAL TERM (OCLC, RLIN) | |
| Topical term or geographic name as entry element | RURAL-AGRICULTURE AND FORESTRY |
| 942 ## - ADDED ENTRY ELEMENTS (KOHA) | |
| Suppress in OPAC | 0 |
| Withdrawn status | Lost status | Source of classification or shelving scheme | Damaged status | Not for loan | Home library | Current library | Shelving location | Date acquired | Total Checkouts | Full call number | Barcode | Date last seen | Copy number | Price effective from | Koha item type |
|---|---|---|---|---|---|---|---|---|---|---|---|---|---|---|---|
| Dewey Decimal Classification | London | London | News article | 29/08/2002 | WB3831-40 | 119482-1001 | 06/08/2019 | 1 | 06/08/2019 | News article |